| 000 | 00578nam a22001817a 4500 | ||
|---|---|---|---|
| 003 | OSt | ||
| 005 | 20260126043231.0 | ||
| 008 | 251218b |||||||| |||| 00| 0 eng d | ||
| 020 | _a971-23-2777-9 | ||
| 040 |
_aDWCL-Main Lib. _cOC |
||
| 082 |
_2Volume 2 1999 ed. _aFil. 342.599 D377p 1999 |
||
| 100 | _aDe Leon, Hector S. | ||
| 245 |
_aPhilippine constitutional law: _bprinciples and cases/ _cHector S. De Leon |
||
| 250 | _aVolume 2 1999 ed. | ||
| 260 |
_aRex book store, inc., _cc1999. |
||
| 300 |
_axlv 1127 p. ; _c23 cm. |
||
| 942 |
_2ddc _cBK - FIL _eVolume 2 1999 ed. _kFil. _n0 |
||
| 999 |
_c7212 _d7212 |
||